TV Dreams Quiz Stats

Quiz Updated Aug 19, 2016

Challenge
Share
Tweet
Score 0/20 Timer 04:00
1 Play Today
% Correct
The Cosby Show
90.8%
King of the Hill
86.2%
Scrubs
80.8%
Frasier
73.5%
The Simpsons
68.5%
The New Batman Adventures
63.9%
Star Trek: The Next Generation
61.4%
South Park
57.6%
House, M.D.
46.6%
Dick Van Dyke
45.5%
% Correct
Doctor Who
40.5%
Twin Peaks
32.6%
Game of Thrones
31.3%
Six Feet Under
22.6%
Mad Men
21.6%
The Sopranos
19.9%
Buffy the Vampire Slayer
14.1%
Red Dwarf
10.6%
Gilligan's Island
8.1%
Happy Endings
6%

You're not logged in!

Compare scores with friends on all Sporcle quizzes.
Join for Free
OR
Log In

You Might Also Like...

Show Comments

Extras

Top Quizzes Today


Score Distribution

Your Account Isn't Verified!

In order to create a playlist on Sporcle, you need to verify the email address you used during registration. Go to your Sporcle Settings to finish the process.

Report this User

Report this user for behavior that violates our Community Guidelines.

Details: